[Event "EYCC 2024 - O14"]
[Site "?"]
[Date "2024.08.22"]
[Round "1.10"]
[White "Tequi, Lucas"]
[Black "Grooten, Tommy"]
[Result "0-1"]
[BlackElo "2146"]
[WhiteElo "1881"]
[LiveChessVersion "1.4.8"]

1. e4 {[%clk 1:30:57]} c5 {[%clk 1:30:52]} 2. Nf3 {[%clk 1:31:21]} e6
{[%clk 1:31:14]} 3. c3 {[%clk 1:31:45]} Nf6 {[%clk 1:31:34]} 4. e5
{[%clk 1:32:07]} Nd5 {[%clk 1:31:57]} 5. d4 {[%clk 1:32:24]} cxd4
{[%clk 1:32:10]} 6. cxd4 {[%clk 1:32:42]} d6 {[%clk 1:32:29]} 7. Bc4
{[%clk 1:33:00]} Nc6 {[%clk 1:32:30]} 8. O-O {[%clk 1:33:03]} Be7
{[%clk 1:32:19]} 9. Qe2 {[%clk 1:33:21]} O-O {[%clk 1:31:22]} 10. Nc3
{[%clk 1:33:37]} dxe5 {[%clk 1:31:01]} 11. dxe5 {[%clk 1:33:41]} Nxc3
{[%clk 1:31:21]} 12. bxc3 {[%clk 1:34:03]} b6 {[%clk 1:26:53]} 13. Rd1
{[%clk 1:32:45]} Qc7 {[%clk 1:27:08]} 14. Bd3 {[%clk 1:32:43]} Bb7
{[%clk 1:25:47]} 15. Qe4 {[%clk 1:29:54]} g6 {[%clk 1:22:56]} 16. Qe3
{[%clk 1:28:31]} Rfe8 {[%clk 1:15:34]} 17. h4 {[%clk 1:23:46]} Rad8
{[%clk 1:07:37]} 18. h5 {[%clk 1:22:07]} Ba6 {[%clk 1:02:45]} 19. hxg6
{[%clk 1:19:38]} hxg6 {[%clk 1:01:58]} 20. Bc2 {[%clk 1:15:29]} Rxd1+
{[%clk 1:01:49]} 21. Bxd1 {[%clk 1:15:58]} Rd8 {[%clk 0:59:44]} 22. Bc2
{[%clk 1:15:43]} Rd5 {[%clk 0:52:12]} 23. Qh6 {[%clk 1:09:43]} Nxe5
{[%clk 0:50:24]} 24. Ng5 {[%clk 1:07:15]} Bxg5 {[%clk 0:50:09]} 25. Bxg5
{[%clk 1:07:24]} Ng4 {[%clk 0:50:17]} 26. Qh4 {[%clk 1:06:41]} Rxg5
{[%clk 0:50:34]} 27. f3 {[%clk 1:06:15]} Qc5+ {[%clk 0:50:51]} 0-1

[Event "EYCC 2024 - O14"]
[Site "?"]
[Date "2024.08.22"]
[Round "1.11"]
[White "Kutanjac, Aleksandar"]
[Black "Ivanov, Andrey"]
[Result "1-0"]
[BlackElo "1879"]
[WhiteElo "2146"]
[LiveChessVersion "1.4.8"]

1. d4 {[%clk 1:30:57]} Nf6 {[%clk 1:30:56]} 2. Bf4 {[%clk 1:31:22]} g6
{[%clk 1:31:22]} 3. e3 {[%clk 1:31:45]} Bg7 {[%clk 1:31:48]} 4. c3
{[%clk 1:32:01]} O-O {[%clk 1:32:10]} 5. Nf3 {[%clk 1:32:21]} d6 {[%clk 1:32:34]}
6. Bc4 {[%clk 1:32:37]} Nbd7 {[%clk 1:32:54]} 7. O-O {[%clk 1:32:35]} Nh5
{[%clk 1:28:02]} 8. Bg5 {[%clk 1:32:01]} h6 {[%clk 1:28:10]} 9. Bh4
{[%clk 1:32:17]} g5 {[%clk 1:28:31]} 10. Bg3 {[%clk 1:29:55]} Nxg3
{[%clk 1:27:21]} 11. hxg3 {[%clk 1:30:16]} e5 {[%clk 1:25:47]} 12. Nbd2
{[%clk 1:26:21]} Qe7 {[%clk 1:18:44]} 13. Qc2 {[%clk 1:22:42]} Nf6
{[%clk 1:13:38]} 14. dxe5 {[%clk 1:08:43]} dxe5 {[%clk 1:13:53]} 15. e4
{[%clk 1:08:01]} Bd7 {[%clk 1:08:28]} 16. a4 {[%clk 1:01:21]} a5 {[%clk 1:06:10]}
17. Rfb1 {[%clk 0:56:21]} c6 {[%clk 1:03:18]} 18. b4 {[%clk 0:46:22]} axb4
{[%clk 1:02:12]} 19. cxb4 {[%clk 0:39:06]} b5 {[%clk 1:01:13]} 20. Be2
{[%clk 0:29:49]} bxa4 {[%clk 1:00:32]} 21. Rxa4 {[%clk 0:30:00]} Rxa4
{[%clk 1:00:38]} 22. Qxa4 {[%clk 0:30:21]} Rb8 {[%clk 1:00:17]} 23. Qa5
{[%clk 0:29:01]} Ng4 {[%clk 0:56:24]} 24. Nc4 {[%clk 0:21:52]} Rb5
{[%clk 0:48:13]} 25. Qc7 {[%clk 0:18:23]} Qe6 {[%clk 0:35:25]} 26. Ncd2
{[%clk 0:17:16]} Bf8 {[%clk 0:35:22]} 27. Bc4 {[%clk 0:15:34]} Qe8
{[%clk 0:30:41]} 28. Bxb5 {[%clk 0:15:49]} cxb5 {[%clk 0:31:05]} 29. Ne1
{[%clk 0:14:01]} f5 {[%clk 0:27:14]} 30. f3 {[%clk 0:09:08]} Nf6 {[%clk 0:24:33]}
31. Nd3 {[%clk 0:08:49]} fxe4 {[%clk 0:24:47]} 32. Nxe4 {[%clk 0:09:10]} Nxe4
{[%clk 0:24:57]} 33. fxe4 {[%clk 0:09:36]} Bg7 {[%clk 0:24:10]} 34. Nc5
{[%clk 0:08:57]} Bg4 {[%clk 0:23:08]} 35. Ra1 {[%clk 0:08:54]} Bh5
{[%clk 0:20:13]} 36. Qb7 {[%clk 0:08:07]} Kh7 {[%clk 0:18:27]} 37. Ra7
{[%clk 0:08:17]} 1-0

[Event "EYCC 2024 - O14"]
[Site "?"]
[Date "2024.08.22"]
[Round "1.12"]
[White "Prober, Raphael"]
[Black "Oktem, Ege Tuna"]
[Result "1-0"]
[BlackElo "2144"]
[WhiteElo "1878"]
[LiveChessVersion "1.4.8"]

1. e4 {[%clk 1:30:57]} e6 {[%clk 1:30:55]} 2. d4 {[%clk 1:31:20]} d5
{[%clk 1:31:20]} 3. Nd2 {[%clk 1:31:39]} Nf6 {[%clk 1:31:40]} 4. e5
{[%clk 1:32:01]} Nfd7 {[%clk 1:32:08]} 5. Bd3 {[%clk 1:32:22]} c5
{[%clk 1:32:31]} 6. c3 {[%clk 1:32:44]} Nc6 {[%clk 1:32:52]} 7. Ngf3
{[%clk 1:33:02]} Be7 {[%clk 1:30:28]} 8. O-O {[%clk 1:33:23]} a5 {[%clk 1:29:45]}
9. Re1 {[%clk 1:27:16]} cxd4 {[%clk 1:29:44]} 10. cxd4 {[%clk 1:27:35]} Qb6
{[%clk 1:30:10]} 11. a3 {[%clk 1:18:53]} a4 {[%clk 1:26:26]} 12. b4
{[%clk 1:15:04]} Nxd4 {[%clk 1:20:21]} 13. Bb2 {[%clk 1:14:02]} Nxf3+
{[%clk 1:02:14]} 14. Qxf3 {[%clk 1:12:25]} O-O {[%clk 0:50:20]} 15. Re3
{[%clk 1:04:21]} f5 {[%clk 0:35:45]} 16. exf6 {[%clk 1:02:54]} Bxf6
{[%clk 0:35:08]} 17. Qh5 {[%clk 1:02:22]} h6 {[%clk 0:35:33]} 18. Bxf6
{[%clk 0:59:38]} Nxf6 {[%clk 0:35:30]} 19. Qg6 {[%clk 0:58:52]} Qd4
{[%clk 0:22:40]} 20. Rae1 {[%clk 0:56:38]} Qg4 {[%clk 0:21:13]} 21. Nf3
{[%clk 0:56:38]} Qxg6 {[%clk 0:16:22]} 22. Bxg6 {[%clk 0:56:59]} Bd7
{[%clk 0:16:51]} 23. Ne5 {[%clk 0:55:56]} Be8 {[%clk 0:15:50]} 24. Bxe8
{[%clk 0:54:50]} Rfxe8 {[%clk 0:15:52]} 25. Nd3 {[%clk 0:55:09]} Ne4
{[%clk 0:12:18]} 26. f3 {[%clk 0:44:36]} Nd6 {[%clk 0:12:40]} 27. Nc5
{[%clk 0:44:55]} Nc4 {[%clk 0:10:49]} 28. Rd3 {[%clk 0:43:29]} b6
{[%clk 0:08:25]} 29. Nd7 {[%clk 0:43:12]} Kf7 {[%clk 0:03:38]} 30. Kf2
{[%clk 0:42:39]} Rac8 {[%clk 0:02:39]} 31. g4 {[%clk 0:39:20]} Re7
{[%clk 0:01:44]} 32. Ne5+ {[%clk 0:39:42]} Nxe5 {[%clk 0:02:13]} 33. Rxe5
{[%clk 0:40:01]} Kf6 {[%clk 0:01:46]} 34. f4 {[%clk 0:40:05]} Rc4
{[%clk 0:01:11]} 35. Rf3 {[%clk 0:39:51]} 1-0

[Event "EYCC 2024 - O14"]
[Site "?"]
[Date "2024.08.22"]
[Round "1.13"]
[White "Beliman, Alexandro"]
[Black "Pasek, Josef"]
[Result "1-0"]
[BlackElo "1877"]
[WhiteElo "2144"]
[LiveChessVersion "1.4.8"]

1. e4 {[%clk 1:30:58]} c5 {[%clk 1:30:55]} 2. Nf3 {[%clk 1:31:22]} Nc6
{[%clk 1:31:20]} 3. d4 {[%clk 1:31:51]} cxd4 {[%clk 1:31:42]} 4. Nxd4
{[%clk 1:32:16]} e5 {[%clk 1:32:08]} 5. Ne2 {[%clk 1:32:41]} Nf6 {[%clk 1:28:40]}
6. Nbc3 {[%clk 1:32:11]} d6 {[%clk 1:27:23]} 7. g3 {[%clk 1:32:32]} Be7
{[%clk 1:22:18]} 8. Bg2 {[%clk 1:30:19]} O-O {[%clk 1:22:39]} 9. O-O
{[%clk 1:30:42]} Ne8 {[%clk 1:10:52]} 10. Nd5 {[%clk 1:24:00]} b5
{[%clk 0:59:07]} 11. a4 {[%clk 1:13:58]} b4 {[%clk 0:54:06]} 12. Be3
{[%clk 1:03:15]} Rb8 {[%clk 0:28:27]} 13. Qd2 {[%clk 0:53:11]} Ba6
{[%clk 0:17:42]} 14. Rfd1 {[%clk 0:48:16]} Nf6 {[%clk 0:13:22]} 15. Nc1
{[%clk 0:32:26]} Rb7 {[%clk 0:12:52]} 16. Na2 {[%clk 0:21:56]} b3
{[%clk 0:06:48]} 17. Nxe7+ {[%clk 0:09:49]} Qxe7 {[%clk 0:04:03]} 18. cxb3
{[%clk 0:10:10]} Rxb3 {[%clk 0:04:20]} 19. Qxd6 {[%clk 0:05:27]} Qxd6
{[%clk 0:03:41]} 20. Rxd6 {[%clk 0:05:56]} Bb7 {[%clk 0:02:43]} 21. Rd2
{[%clk 0:01:53]} a6 {[%clk 0:02:21]} 22. Nc1 {[%clk 0:01:09]} Na5
{[%clk 0:00:48]} 23. Nxb3 {[%clk 0:00:44]} Nxb3 {[%clk 0:01:10]} 24. Re1
{[%clk 0:01:10]} Nxd2 {[%clk 0:01:32]} 25. Bxd2 {[%clk 0:01:39]} Rc8
{[%clk 0:00:36]} 26. f3 {[%clk 0:00:38]} Nd7 {[%clk 0:00:45]} 27. Bh3
{[%clk 0:00:42]} Bc6 {[%clk 0:01:01]} 28. Rc1 {[%clk 0:00:52]} Kf8
{[%clk 0:00:59]} 29. Rxc6 {[%clk 0:00:39]} Rxc6 {[%clk 0:01:25]} 30. Bxd7
{[%clk 0:01:08]} Rb6 {[%clk 0:01:32]} 31. Bc3 {[%clk 0:01:27]} f6
{[%clk 0:01:56]} 32. a5 {[%clk 0:01:01]} Rb8 {[%clk 0:02:08]} 33. Be6
{[%clk 0:01:00]} Ke7 {[%clk 0:02:14]} 34. Bc4 {[%clk 0:01:29]} Ra8
{[%clk 0:02:37]} 35. Kf2 {[%clk 0:01:47]} Kd6 {[%clk 0:02:53]} 36. Bb4+
{[%clk 0:01:39]} Kc7 {[%clk 0:03:02]} 37. Ke3 {[%clk 0:01:44]} Rb8
{[%clk 0:03:00]} 38. Bc3 {[%clk 0:02:07]} Ra8 {[%clk 0:03:27]} 39. Kd3
{[%clk 0:02:28]} Kd6 {[%clk 0:03:44]} 40. Bb4+ {[%clk 0:02:52]} Kc7
{[%clk 0:04:09]} 41. Bc5 {[%clk 0:02:31]} Kd7 {[%clk 0:01:17]} 42. b4
{[%clk 0:02:36]} Kc7 {[%clk 0:01:42]} 43. Bd5 {[%clk 0:03:00]} Rb8
{[%clk 0:01:54]} 44. Kc4 {[%clk 0:03:21]} f5 {[%clk 0:01:57]} 45. exf5
{[%clk 0:01:56]} Re8 {[%clk 0:01:28]} 46. g4 {[%clk 0:01:51]} Rh8
{[%clk 0:01:40]} 47. g5 {[%clk 0:02:10]} Re8 {[%clk 0:01:12]} 48. f6
{[%clk 0:02:37]} 1-0

[Event "EYCC 2024 - O14"]
[Site "?"]
[Date "2024.08.22"]
[Round "1.14"]
[White "Tadic, Jure"]
[Black "Dumbelovic, Novak"]
[Result "1/2-1/2"]
[BlackElo "2144"]
[WhiteElo "1877"]
[LiveChessVersion "1.4.8"]

1. e4 {[%clk 1:30:57]} c5 {[%clk 1:30:52]} 2. Nf3 {[%clk 1:31:19]} d6
{[%clk 1:31:04]} 3. d4 {[%clk 1:31:37]} cxd4 {[%clk 1:31:03]} 4. Nxd4
{[%clk 1:31:58]} Nf6 {[%clk 1:31:28]} 5. Nc3 {[%clk 1:32:12]} a6 {[%clk 1:31:17]}
6. f3 {[%clk 1:32:29]} e5 {[%clk 1:31:39]} 7. Nb3 {[%clk 1:32:52]} Be6
{[%clk 1:31:59]} 8. Be3 {[%clk 1:33:15]} Nbd7 {[%clk 1:32:23]} 9. g4
{[%clk 1:33:20]} Be7 {[%clk 1:27:18]} 10. Qd2 {[%clk 1:32:42]} b5
{[%clk 1:24:27]} 11. O-O-O {[%clk 1:30:44]} O-O {[%clk 1:21:50]} 12. g5
{[%clk 1:30:33]} b4 {[%clk 1:21:57]} 13. Ne2 {[%clk 1:30:06]} Ne8
{[%clk 1:20:19]} 14. f4 {[%clk 1:30:02]} a5 {[%clk 1:20:33]} 15. f5
{[%clk 1:30:12]} a4 {[%clk 1:20:59]} 16. fxe6 {[%clk 1:30:15]} axb3
{[%clk 1:21:23]} 17. exf7+ {[%clk 1:30:29]} Rxf7 {[%clk 1:18:25]} 18. cxb3
{[%clk 1:30:30]} Rxa2 {[%clk 1:17:42]} 19. Ng3 {[%clk 1:30:34]} Rxf1
{[%clk 1:10:38]} 20. Rhxf1 {[%clk 1:30:42]} Ra1+ {[%clk 1:10:48]} 21. Kc2
{[%clk 1:31:05]} Qc8+ {[%clk 1:11:15]} 22. Kd3 {[%clk 1:31:27]} Qa6+
{[%clk 1:11:43]} 23. Kc2 {[%clk 1:31:48]} Qc8+ {[%clk 1:11:45]} 24. Kd3
{[%clk 1:32:11]} Qa6+ {[%clk 1:12:13]} 1/2-1/2